000 00436nam a2200145 a 4500
001 000033487
005 20200930070307.0
008 110830s1958 dr 000 0 spa d
040 _aDO-SdBNP
_bspa
_cBNPHU
100 1 _aÁlvarez, José. Virgilo
_959015
245 1 0 _aHojasca ardinte /
_cJ. Virgilio Álvarez.
260 _aCiudad Trujillo, República Dominicana :
_bImp. Hernández,
_c1958.
300 _a41 p. ;
_c21 cm.
049 _aBNPD
999 _c32978
_d32978